00599nam a2200169Ia 450000500170000000800410001702000180005808200130007624500420008926000700013130000210020150000670022270000240028994200060031395200950031999900150041420250410065437.0240331s9999 xx 000 0 und d a9789559233213 bURUa200 0aUruthira Kannigayar Kathasarathirattu aColombobDepartment of Hindu Religious and Cultural Affairsc2011 aXLVII, 219 p ., aUruthiraakanikayar enum kulithavar kalin samaya ilaikkiya nool aMaheswaran,V. eedt cL 001040708LaWERCLbWERCLcSSCd2024-03-31l0o 200 URUp6806r2024-03-31w2024-03-31yL c5818d5818